Rheological behavior of polymeric fluids with laboratory workshop /

Guardado en:
Autor Principal: Armstrong, Robert C.
Otros Autores: Cohen, Robert E.
Formato: Libro
Idioma:English
Publicado: Cambridge, Massachusetts : Massachusetts Institute of Technology (MIT), c1980.
Materias:
Etiquetas: Agregar Etiqueta
Sin Etiquetas, Sea el primero en etiquetar este registro!
LEADER 00794nam a22002055a 4500
001 EIQ.libpla001084
008 060725s1980####maua##########000#0#eng#d
005 20060725102212.0
245 1 0 |a Rheological behavior of polymeric fluids with laboratory workshop /  |c by Robert C. Armstrong and Robert E. Cohen. 
260 |a Cambridge, Massachusetts :  |b Massachusetts Institute of Technology (MIT),  |c c1980. 
300 |a ca. 300 p. :  |b il., gráficos. ;  |c 27 cm. 
500 |a "10.51 Course notes". 
100 1 |a Armstrong, Robert C. 
700 1 |a Cohen, Robert E. 
650 4 |a Reología  |x Fluídos poliméricos. 
650 4 |a Reología  |x Curso. 
650 4 |a Rheología  |x Course. 
650 4 |a Rheología  |x Polymeric fluids. 
040 |a AR-BbSID  |b spa  |c AR-BbSID 
859 |a AR-BbSID  |b BIB. PLAPIQUI  |h 620.106  |i Ar 57  |p 727